| 000 | 01066nam a22002537a 4500 | ||
|---|---|---|---|
| 005 | 20140425142221.0 | ||
| 010 | _aENG-109495 | ||
| 020 |
_c595.00 _a9788125053446 |
||
| 035 | _aEN-93028 | ||
| 037 | _bDBAD/PUB | ||
| 082 | _a891.409 | ||
| 245 | 0 | 0 |
_aTowards social change : _cedited by Sankar Prasad Singha [and] Indranil Acharya _bessays on dalit literature / |
| 260 |
_aNew Delhi _bOrient Blakswan _c2013 |
||
| 270 |
_a1/24 Asaf Ali Road _bNew Delhi _e110002 |
||
| 300 |
_aviii,226p. _c23cm(Hb) |
||
| 500 | _aIncludes bibliographical references | ||
| 520 | _aPapers presented at the conference on Translating Dalit Literature: Problems and Prospects, held at Vidyasagar University during 23-24 March 201 | ||
| 650 |
_aIndic literature _xTranslations _xHistory and criticism _vCongresses. |
||
| 650 |
_a Indic literature _xDalit authors _xHistory and criticism _vCongresses. |
||
| 650 |
_aSocial change in literature _vCongresses. |
||
| 700 | _aSingha, Sankar Prasad | ||
| 700 | _aAcharya, Indranil | ||
| 942 |
_2ddc _cEN _mTOW _h891.409 |
||
| 999 |
_c82824 _d82824 |
||